[Event "Agneaux St Lo Seniors op"]
[Site "Agneaux"]
[Date "2004.07.10"]
[Round "3"]
[White "Montero Ribas, Arsenio"]
[Black "Boulier, Rene"]
[Result "1-0"]
[WhiteElo "1499"]
[BlackElo "2015"]
[PlyCount "57"]
[EventDate "2004.07.08"]
[EventType "swiss"]
[EventRounds "9"]
[EventCountry "FRA"]
[SourceTitle "EXT 2005"]
[Source "ChessBase"]
[SourceDate "2004.11.15"]
[SourceVersion "1"]
[SourceVersionDate "2004.11.15"]
[SourceQuality "1"]

1. e4 e6 2. f4 b6 3. Nf3 Bb7 4. e5 Nh6 5. d4 c5 6. c3 Be7 7. Bd3 Bh4+ 8. g3 Be7 9. 0-0 0-0 10. Ng5 g6 11. Be4 Bxe4 12. Nxe4 cxd4 13. cxd4 d5 14. Ng5 Bxg5 15. fxg5 Nf5 16. g4 Ne7 17. h4 Nbc6 18. Nc3 a6 19. Be3 b5 20. Kg2 Qb6 21. Rh1 Nxe5 22. h5 Nc4 23. Qe2 Nc6 24. Rad1 a5 25. b3 Nxe3+ 26. Qxe3 Rac8 27. hxg6 Ne7 28. Qh3 h5 29. Qxh5 1-0